| 000 | 02030cam a2200361 i 4500 | ||
|---|---|---|---|
| 001 | 78437 | ||
| 003 | BD-RjUL | ||
| 005 | 20211209083129.0 | ||
| 008 | 210922s1965 ua d 000 0 ara | ||
| 035 | _a(BD-RjUL) 78663 | ||
| 040 |
_aDLCf _beng _erda _cWaU _dWaU _dDLC _dDLC |
||
| 041 | _aara | ||
| 066 | _c(3 | ||
| 082 | _223 | ||
| 100 | 0 |
_a ياقوت بن عبد الله الحموي، ;; Yāqūt ibn ʻAbd Allāh al-Ḥamawī, _d1179?-1229. _9248283 |
|
| 245 | 0 | 0 |
_aكتاب معجم البلدان ;; Kitāb muʻjam al-buldān / _cتتأليف شهاب الدين أبي عبد الله ياقوت بن عبد الله الحموي الرومي البغدادي. عنيى بتصحيحه وترتيب وضعه وكتابة المستدرك عليه محمد أمين الخانجي الكتبي بقراءته علي أحمد بن الأمين الشنقيطي;; taʼlīf Shihāb al-Dīn Abī ʻAbd Allāh Yāqūt ibn ʻAbd Allāh al-Ḥamawī al-Rūmī al-Baghdādī. ʻUniyá bi-taṣḥīḥihi wa-tartīb waḍʻihi wa-kitābat al-mustadrik ʻalayhi Muḥammad Amīn al-Khānajī al-Kutubī bi-qirāʼatihi ʻAlī Aḥmad ibn al-Amīn al-Shinqīṭī. |
| 250 | _aal-Ṭabʻah al-ūlá. | ||
| 264 | 1 |
_aṬihrān: _bمكتبة الأسدي،;; : Maktabat al-Asadī, _c1965 |
|
| 300 |
_a10 volumes in 5; _c24 cm |
||
| 336 |
_atext _2rdacontent |
||
| 337 |
_aunmediated _2rdamedia |
||
| 338 |
_avolume _2rdacarrier |
||
| 490 | _aManshūrāt maktabat al-Asadī, raqm 7 | ||
| 505 | 2 | _aVol.4.-- | |
| 505 | 2 | _a[V. 9-10. Kitāb muʻjam al-ʻumrān fī al-mustadrik ʻalá Muʻjam al-Buldān, jammaʻahu wa-rattabahu Muḥammad Amīn al-Khānajī.] | |
| 650 | 0 |
_aGeography _xDictionaries _xArabic. _9248284 |
|
| 650 | 0 |
_aGeography, Medieval. _9248285 |
|
| 700 | 1 | 2 |
_aKhānjī, Muḥammad Amīn, _d1865 or 1866-1939 or 1940. _9248286 |
| 830 |
_aManshūrāt maktabat al-Asadī, raqm 7 _9248287 |
||
| 942 |
_2ddc _cREF |
||
| 999 |
_c78437 _d78437 |
||